Ueber die Bedeutung Ruskins für das Leben und die Erziehung in England / (Record no. 23564)

MARC details
000 -LEADER
fixed length control field 00743cam a22002411a 4500
001 - CONTROL NUMBER
control field g 01000804
003 - CONTROL NUMBER IDENTIFIER
control field DLC
005 - DATE AND TIME OF LATEST TRANSACTION
control field 20260227111252.0
008 - FIXED-LENGTH DATA ELEMENTS--GENERAL INFORMATION
fixed length control field 810811s1898 gw b 000 0 ger
010 ## - LIBRARY OF CONGRESS CONTROL NUMBER
LC control number g 01000804
035 ## - SYSTEM CONTROL NUMBER
System control number (OCoLC)7660098
040 ## - CATALOGING SOURCE
Original cataloging agency DLC
Transcribing agency DNIE
Modifying agency DNIE
-- DLC
042 ## - AUTHENTICATION CODE
Authentication code premarc
050 00 - LIBRARY OF CONGRESS CALL NUMBER
Classification number PR5263
Item number .F4
100 1# - MAIN ENTRY--PERSONAL NAME
Personal name Fechheimer, Samuel Sigismund,
Dates associated with a name 1867-
245 10 - TITLE STATEMENT
Title Ueber die Bedeutung Ruskins für das Leben und die Erziehung in England /
Statement of responsibility, etc. von Samuel S. Fechheimer.
260 ## - PUBLICATION, DISTRIBUTION, ETC.
Place of publication, distribution, etc. Jena :
Name of publisher, distributor, etc. Universitäts-Buchdr. G. Neuenhahn,
Date of publication, distribution, etc. 1898.
300 ## - PHYSICAL DESCRIPTION
Extent 63 p. ;
Dimensions 23 cm.
502 ## - DISSERTATION NOTE
Dissertation note Thesis (doctoral)--Jena.
500 ## - GENERAL NOTE
General note Vita.
504 ## - BIBLIOGRAPHY, ETC. NOTE
Bibliography, etc. note Bibliography: p. [62]-63.
600 10 - SUBJECT ADDED ENTRY--PERSONAL NAME
Personal name Ruskin, John,
Dates associated with a name 1819-1900.

No items available.

Powered by Koha